[Event "GER-ch U25-B"]
[Site "Willingen"]
[Date "2023.05.31"]
[Round "6"]
[White "Moldovan, Tudor"]
[Black "Tulchynsky, Mark"]
[Result "1-0"]
[WhiteElo "1380"]
[BlackElo "1425"]
[PlyCount "59"]
[EventDate "2023.05.27"]
[EventType "swiss"]
[EventRounds "9"]
[EventCountry "GER"]
[SourceTitle "CBM 214 Extra"]
[Source "ChessBase"]
[SourceDate "2023.07.31"]
[SourceVersion "1"]
[SourceVersionDate "2023.07.31"]
[SourceQuality "1"]

1. e4 e5 2. Nf3 Nc6 3. Bb5 a6 4. Ba4 f5 5. d3 fxe4 6. dxe4 Nf6 7. 0-0 Bc5 8. Bxc6 bxc6 9. Nxe5 0-0 10. Nc3 Qe7 11. Nd3 Bd4 12. Re1 d6 13. h3 Bb7 14. Be3 c5 15. f3 Bxe3+ 16. Rxe3 d5 17. Re1 dxe4 18. Nxe4 Nxe4 19. fxe4 Rae8 20. Qg4 Rf6 21. Nf4 Qe5 22. Nd5 Rfe6 23. Rad1 Rg6 24. Qf5 Qg3 25. Qf2 Qg5 26. h4 Qg4 27. Ne7+ Kh8 28. Nxg6+ Qxg6 29. Rf1 Kg8 30. Rd7 1-0

[Event "GER-ch U25-B"]
[Site "Willingen"]
[Date "2023.05.28"]
[Round "1"]
[White "Frowein, Jamie"]
[Black "Moldovan, Tudor"]
[Result "1-0"]
[WhiteElo "1441"]
[BlackElo "1380"]
[PlyCount "57"]
[EventDate "2023.05.27"]
[EventType "swiss"]
[EventRounds "9"]
[EventCountry "GER"]
[SourceTitle "CBM 214 Extra"]
[Source "ChessBase"]
[SourceDate "2023.07.31"]
[SourceVersion "1"]
[SourceVersionDate "2023.07.31"]
[SourceQuality "1"]

1. c4 g6 2. Nf3 Bg7 3. d4 d6 4. Nc3 Nd7 5. g3 Ngf6 6. Bg2 0-0 7. 0-0 Nb6 8. Qd3 Re8 9. Re1 Nfd7 10. e4 c5 11. d5 Ne5 12. Nxe5 Bxe5 13. f4 Bg7 14. e5 Bf5 15. Be4 Bxe4 16. Nxe4 dxe5 17. fxe5 Bxe5 18. Nxc5 Qc7 19. Nxb7 Bxg3 20. Qxg3 Qxb7 21. b3 Nd7 22. Bb2 Rac8 23. Qh4 Qb6+ 24. Bd4 Qa6 25. Rxe7 Rxe7 26. Qxe7 Qb7 27. Rf1 Rf8 28. Rf4 Qb8 29. Rh4 1-0

[Event "GER-chT U14"]
[Site "Kelheim"]
[Date "2022.12.29"]
[Round "5"]
[White "Friedrich, Timofej"]
[Black "Moldovan, Tudor"]
[Result "1/2-1/2"]
[WhiteElo "1461"]
[BlackElo "1263"]
[PlyCount "47"]
[EventDate "2022.12.26"]
[EventType "team-swiss"]
[EventRounds "7"]
[EventCountry "GER"]
[SourceTitle "CBM 212 Extra"]
[Source "ChessBase"]
[SourceDate "2023.03.31"]
[SourceVersion "1"]
[SourceVersionDate "2023.03.31"]
[SourceQuality "1"]
[WhiteTeam "Stuttgart Wolfbusch"]
[BlackTeam "Hohentuebingen"]
[WhiteTeamCountry "GER"]
[BlackTeamCountry "GER"]

1. e4 g6 2. d4 Bg7 3. Nf3 d6 4. Bd3 Nc6 5. c3 Nf6 6. h3 e6 7. Be3 0-0 8. 0-0 Ne7 9. Nh2 Ne8 10. f4 f5 11. e5 Nd5 12. Qe2 b6 13. Bc4 Bb7 14. Bxd5 Bxd5 15. Nf3 h6 16. Nbd2 Bb7 17. h4 Qd7 18. Nh2 Kh7 19. g4 Rg8 20. g5 h5 21. Nhf3 Qc6 22. Rf2 Rd8 23. Qc4 Qxc4 24. Nxc4 1/2-1/2

[Event "GER-chT U14"]
[Site "Kelheim"]
[Date "2022.12.28"]
[Round "3"]
[White "Moldovan, Tudor"]
[Black "Steinberger, Michael"]
[Result "1-0"]
[WhiteElo "1263"]
[BlackElo "1610"]
[PlyCount "81"]
[EventDate "2022.12.26"]
[EventType "team-swiss"]
[EventRounds "7"]
[EventCountry "GER"]
[SourceTitle "CBM 212 Extra"]
[Source "ChessBase"]
[SourceDate "2023.03.31"]
[SourceVersion "1"]
[SourceVersionDate "2023.03.31"]
[SourceQuality "1"]
[WhiteTeam "Hohentuebingen"]
[BlackTeam "Augsburg SF"]
[WhiteTeamCountry "GER"]
[BlackTeamCountry "GER"]

1. d4 Nf6 2. Nf3 e6 3. e3 d5 4. Bd3 c5 5. b3 Bd6 6. Bb2 Nbd7 7. 0-0 Qc7 8. Nbd2 0-0 9. c4 e5 10. cxd5 exd4 11. exd4 Nxd5 12. dxc5 Nxc5 13. Bc2 Nb4 14. Bb1 Ncd3 15. Bd4 Ne5 16. h3 Nbc6 17. Bb2 Nxf3+ 18. Nxf3 Bd7 19. Qd3 g6 20. Rd1 Be5 21. Nxe5 Nxe5 22. Qd4 f6 23. f4 Be6 24. Rc1 Nc6 25. Qf2 Qf7 26. Rc3 Rfd8 27. Bc2 Rd7 28. Rg3 f5 29. h4 Rad8 30. Bc3 Nd4 31. h5 Nxc2 32. hxg6 hxg6 33. Qxc2 Bd5 34. Rh3 Kf8 35. Rh8+ Ke7 36. Bb4+ Rd6 37. Rxd8 Kxd8 38. Bxd6 Qe6 39. Rd1 Qxd6 40. Qd3 Qb6+ 41. Qd4 1-0